TV Show First Lines III Quiz Stats

 Plays Quiz Updated Mar 23, 2015

Challenge
Share
Tweet
Embed
Score 0/16 Timer 07:00
1 Play Today
First Line TV Show % Correct
In this city live Lucy and Ricky Ricardo. Of course, you know Ricky as the famous orchestra leader and singer. And Lucy is the famous, um, well she's... her hair is very red.I Love Lucy
92.3%
'Ooh, careful, Homer, look out!'The Simpsons
91.9%
Captain's Log, Stardate 41153.7. Our destination is Planet Deneb 4, beyond which lies the great unexplored mass of the galaxy.Star Trek: The Next Generation
91.5%
Hey, Uncle Phil! Fresh Prince of Bel-Air
87.4%
Nah, Ray's still out of town covering the Yankees. Yeah, I know, he's been gone for four days and he's sixteen minutes late.Everybody Loves Raymond
67.2%
Mrs. Garrett, where are Kimberly and Arnold? Why aren't they at breakfast?Diff'rent Strokes
40.4%
Don't get me wrong, I'm not kidding myself, Anchorage isn't New York City, but it's not Cambodia, right?Northern Exposure
32.2%
Somebody answer the door. (Hey Chip, Dad wants you to answer the door.)My Three Sons
29.5%
First Line TV Show % Correct
In every generation, there is a chosen one.Buffy the Vampire Slayer
21.8%
You know what this is all about? Do you know why we're here? To be out. This is out. And out is one of the single most enjoyable experiences of life.Seinfeld
20.4%
Cheryl, come here for a second.Curb Your Enthusiasm
16.1%
Please Luke! Please please please!Gilmore Girls
15.4%
My name is Royce Harmon. I reside at 7642 Carpenter Street, Las Vegas, Nevada. I am 41 years of age ... and I'm going to kill myself.CSI
14.6%
Ben, what are you doing here? You'll miss the bus. What's the matter honey?Growing Pains
14.1%
Well, come on. Let's find that house we bought. Beverly Hillbillies
10.3%
Once upon a time, there was a typical American girl, who happened to bump into a typical red-blooded American boy.Bewitched
9.3%

You're not logged in!

Compare scores with friends on all Sporcle quizzes.
Join for Free
OR
Log In

You Might Also Like...

Show Comments

Extras

Top Quizzes Today


Score Distribution

Your Account Isn't Verified!

In order to create a playlist on Sporcle, you need to verify the email address you used during registration. Go to your Sporcle Settings to finish the process.

Report this User

Report this user for behavior that violates our Community Guidelines.

Details: